000 00958cam a2200301 4500
999 _c130218
_d130218
001 2664047
003 ARRUPE
005 20200130093846.0
008 720719s1972 enka b 001 0beng
010 _a 72183537
015 _aB***
020 _a0297994271
040 _aDLC
_cDLC
_dDLC
043 _ae-uk---
050 0 0 _aDA445
_b.F3
082 0 0 _a942.06/6/0924
_aB
100 1 _aFalkus, Christopher.
_949156
245 1 4 _aThe life and times of Charles II;
_cintroduction by Antonia Fraser.
260 _aLondon,
_bWeidenfeld & Nicolson
_c[1972]
300 _a223 p.
_billus. (part col.)
_c26 cm.
350 _a£2.65
504 _aBibliography: p. 217-218.
600 0 0 _aCharles
_bII,
_cKing of England,
_d1630-1685.
_949157
651 0 _aGreat Britain
_x History
_yCharles II, 1660-1685.
_949158
651 0 _aGreat Britain
_xKings and rulers
_xBiography.
_96218
906 _a7
_bcbc
_corignew
_d3
_encip
_f19
_gy-gencatlg
942 _2lcc
_cMONOGRAPH